000 00825nam a22002177a 4500
008 090305t xxu||||| |||| 00| 0 eng d
010 _aENG-92317
020 _c395.00
035 _aEN-75850
037 _bDBAD / PUB
040 _adpl
_bEnglish
082 _a323.40954
100 _aMarappan, V.
245 _aCivil rights movement in Inida /
_cby V. Marappan
260 _aChennai
_bNivethita Publications
_c2007
270 _a1, 3rd Floor, Pudur 13th Street, Ashok Nagar,
_bChennai
_e83
300 _a174p.
_c20cm (pbk)
650 _aCivil rights movements
_zIndia
_xHistory.
942 _2ddc
_cEN
_mMAR
_h323.40954
999 _c24831
_d24831